00247nam a2200109Ia 4500008004100000041001200041082001100053100001500064245004600079260000600125650000600131221030s9999 xx 000 0 und d aEnglish a105.23 aR. K. Jain 0aInsight into Flow Chartingcby R. K. Jain c0 aB